Advancing executive coaching (Record no. 114867)
[ view plain ]
| 000 -LEADER | |
|---|---|
| fixed length control field | 02426nam a2200409 a 4500 |
| 082 04 - DEWEY DECIMAL CLASSIFICATION NUMBER | |
| Classification number | 658.4/07124 |
| 245 00 - TITLE STATEMENT | |
| Title | Advancing executive coaching |
| 250 ## - EDITION STATEMENT | |
| Edition statement | 1st ed. |
| 260 ## - PUBLICATION, DISTRIBUTION, ETC. (IMPRINT) | |
| Place of publication | San Francisco : |
| Name of publisher | Jossey-Bass, |
| Year of publication | c2011. |
| 300 ## - PHYSICAL DESCRIPTION | |
| Number of Pages | lxi, 480 p. : |
| Other physical details | ill. |
| 490 1# - SERIES STATEMENT | |
| Series statement | The professional practice series |
| 500 ## - GENERAL NOTE | |
| General note | Errata slip inserted. |
| 505 0# - FORMATTED CONTENTS NOTE | |
| Formatted contents note | section 1. Your traveling companions : coach, client, and organizational issues -- section 2. The journey : processes and practices of leadership coaching -- section 3. 'Recalculating' directions : evaluating the effectiveness of leadership coaching. |
| 520 ## - SUMMARY, ETC. | |
| Summary, etc | "For anyone who coaches leaders, this book addresses the most critical issues impacting the future of leadership coaching as an organizational development initiative. It is organized around a Leadership Coaching Framework that employs a systems approach to frame the myriad issues. In addition to the introductory chapter that provides an overview of the book, the sixteen contributed chapters are grouped into three sections with the final chapter providing a review of the major themes in the volume with a discussion integrating the global discussions and future directions for leadership coaching"-- |
| 650 #0 - SUBJECT ADDED ENTRY--TOPICAL TERM | |
| Topical Term | Executive coaching. |
| 700 1# - ADDED ENTRY--PERSONAL NAME | |
| Personal name | Hernez-Broome, Gina. |
| Personal name | Boyce, Lisa A. |
| Personal name | Kraut, Allen I. |
| 856 40 - ELECTRONIC LOCATION AND ACCESS | |
| Uniform Resource Identifier | http://site.ebrary.com/lib/rucke/Doc?id=10469751 |
| 520 ## - SUMMARY, ETC. | |
| -- | Provided by publisher. |
No items available.
